000 00813nam a22002177a 4500
999 _c63691
_d63691
005 20240530110654.0
008 171218s2016 ua a g b 000 0 ara d
017 _a2015/25052
_bمصر. دار الكتب
020 _a9789777950299
040 _aEG-CaGPL
_cEG-CaGPL
082 0 4 _221
_a330.962
_bق/ع ع
100 0 _aعلى والى
245 1 2 _aالعبور الاقتصادى لمصر :
_b11430 مديرا لنجاح الاقتصاد المصرى /
_cعلى والى .
250 _aط.2
260 _aالقاهرة :
_bالدار المصرية اللبنانية ،
_c2016 .
300 _a276 ص. ؛
_c20 سم.
650 _2qrmak
_aالاستثمار
_zمصر
651 0 7 _2qrmak
_aمصر
_xالاحوال الاقتصادية
942 _2ddc
_cBK